[Event "Airthings Masters MCCT Prel 2022"]
[Site "Online"]
[Date "2022.02.13"]
[Round "2.1"]
[White "Artemiev, Vladislav"]
[Black "Le, Quang Liem"]
[Result "1-0"]
[WhiteElo "2700"]
[BlackElo "2709"]
[Annotator "TA"]
[PlyCount "89"]
[EventDate "2022.02.18"]
[EventType "tourn"]
[EventCountry "NET"]
[SourceTitle "playchess.com"]
[Source "ChessBase"]
[SourceQuality "1"]

{[%evp 19,89,23,28,0,0,0,0,0,0,0,0,0,0,0,0,0,102,101,106,107,106,106,102,104,
104,104,104,104,107,105,105,105,187,179,174,181,225,225,242,238,249,117,116,
123,125,114,106,122,109,124,116,92,183,146,185,185,333,337,343,337,374,357,
1051,288,297,0,1039,1047,1658,1458,1338,865]} 1. c4 Nf6 2. g3 c6 3. Bg2 d5 4.
Nf3 Bg4 5. Ne5 Be6 {[%cal Bg4e6,Be6d5,Bd5c6][%mdl 32]} 6. cxd5 Bxd5 7. Nf3 c5
8. Nc3 Bc6 9. O-O e6 10. d4 Nbd7 11. e4 $5 {[%mdl 4] Leaves trodden paths. E02:
Open Catalan: 5 Qa4+.} Nxe4 (11... Bxe4 $2 12. Nxe4 Nxe4 13. d5 $18) 12. Nxe4
Bxe4 13. Re1 {The position is equal.} Bd5 14. dxc5 {Qxd5 is the strong threat.}
Be7 15. b4 {[%cal Oc1g5]} O-O 16. Bb2 a5 17. a3 {[%cal Ba2a3,Ba3b4,Bb4b5][%mdl
32]} (17. Qd4 Bf6 18. Qd2 axb4 19. Qxb4 Bxb2 20. Qxb2 Nxc5 $17) 17... b6 (17...
axb4 $11 {keeps the balance.} 18. axb4 b6) 18. Nd4 $1 $16 (18. Qd4 Bf6 19. Qd2
Bxb2 20. Qxb2 axb4 21. axb4 bxc5 22. bxc5 Nxc5 23. Rxa8 Qxa8 $17) 18... Bxg2 (
18... bxc5 $2 19. Bxd5 (19. Nc6 Bxc6 20. Bxc6 Ra7 $14) 19... cxd4 20. Bxa8 (20.
Qxd4 $2 Bf6 $19) 20... Qxa8 21. Bxd4 $18 (21. Qxd4 Bf6 $18)) 19. Kxg2 {[#]}
axb4 $146 ({Predecessor:} 19... bxc5 20. Nc6 Qe8 21. b5 Nf6 22. Rc1 Rc8 23. Qf3
Rxc6 24. bxc6 Nd5 25. Rcd1 Qd8 26. Qg4 g6 27. Rxe6 Qc8 28. Re4 Qxc6 29. Qf3 Bd8
{1-0 (29) Czebe,A (2465)-Laza,S (2166) Budapest 2018}) 20. Nc6 Qe8 21. axb4
Rxa1 22. Qxa1 Bf6 23. Bxf6 Nxf6 24. b5 bxc5 25. Qa7 {White is much more active.
} Nd5 (25... Qd7 $16) 26. Ra1 $1 $18 ({Not} 26. Qxc5 Qa8 $16) 26... f6 27. Qxc5
Qh5 (27... Rf7 $142 28. b6 Rb7) 28. Kg1 {Threatens to win with b6.} Qe2 29. Nd4
Qb2 30. Re1 (30. Rd1 $1 $18 {is the precise move to win.} Qb4 31. Qxb4 (31.
Nxe6 Qxc5 32. Nxc5 Nc3 $16) 31... Nxb4 32. Nxe6) 30... Qc3 $16 31. Qxc3 Nxc3
32. Rxe6 {[%mdl 4096] Endgame Strongly threatening b6. KRN-KRN} Rb8 {[#]} 33.
Re3 $1 ({Much weaker is} 33. b6 Nd5 $11) 33... Nd5 34. Ra3 Rb7 35. Kf1 Nc7 (
35... Kf7 $16) 36. Rb3 Kf7 37. Ke2 g6 {[#]} (37... Nd5 {was necessary.} 38. Kd3
Ke7 39. Nc6+ Kd6) 38. Kd3 $1 $18 Ke7 39. Kc4 Kd6 40. Rd3 {aiming for Nc6+.} Ke5
$2 (40... Na8 41. Nb3+ Kc7) 41. Re3+ $2 (41. Kc5 {[%cal Rd3e3]} Ne6+ 42. Nxe6
Kxe6 43. Kc6) 41... Kd6 42. Rd3 $2 (42. f4) 42... Ke5 $1 43. Kc5 {[%cal Rd3e3]
White is clearly winning.} Ne6+ 44. Nxe6 Kxe6 45. b6 {Weighted Error Value:
White=0.39/Black=0.21 (precise)} 1-0

[Event "Airthings Masters MCCT Prel 2022"]
[Site "Online"]
[Date "2022.02.13"]
[Round "2.2"]
[White "Hansen, Eric"]
[Black "Praggnanandhaa R"]
[Result "1-0"]
[WhiteElo "2606"]
[BlackElo "2612"]
[Annotator "TA"]
[PlyCount "93"]
[EventDate "2022.02.18"]
[EventType "tourn"]
[EventCountry "NET"]
[SourceTitle "playchess.com"]
[Source "ChessBase"]
[SourceQuality "1"]

{[%evp 17,93,35,39,0,0,-1,0,0,0,0,0,0,0,0,0,-27,-23,-64,-64,-67,-65,-61,-70,
-86,-39,-55,88,92,81,50,16,2,248,255,241,-30,257,260,303,303,272,205,1140,1134,
1099,1137,1092,1166,1127,1133,1030,1106,1034,999,1166,1168,1131,1075,1062,1056,
979,0,497,0,935,672,5189,1282,1092,1006,12823,939,924,860,11014,6542,6070,5700]
} 1. e4 e5 2. Nf3 Nc6 3. Bb5 {[%cal Bf1b5,Bb5a4,Ba4b3][%mdl 32]} a6 4. Ba4 Nf6
5. O-O b5 6. Bb3 Bc5 7. a4 Rb8 8. c3 d6 9. d4 Bb6 10. a5 {C78: Ruy Lopez:
Archangelsk and Möller Defences.} Ba7 (10... Nxa5 11. Rxa5 Bxa5 12. dxe5 $14)
(10... Bxa5 $2 11. dxe5 (11. d5 Ne7 $18) 11... dxe5 12. Qxd8+ Kxd8 13. Bd5 (13.
Bxf7 Bb6 $16) 13... Nxd5 14. exd5 $18) 11. h3 Bb7 12. Re1 {The position is
equal.} O-O 13. Be3 exd4 (13... Nxe4 14. d5 $16) 14. cxd4 Nb4 (14... Nxe4 $2
15. d5 $18) 15. Nc3 Bxe4 (15... Nxe4 16. Nxe4 Bxe4 17. Bd2 Bxf3 18. Qxf3 $16)
16. Nxe4 Nxe4 {[#]} 17. Bf4 $146 (17. Re2 $11 {was preferrable.}) ({
Predecessor:} 17. d5 Bc5 18. Bd4 Re8 19. Re3 Qd7 20. Qe1 Nf6 21. Qd2 Rxe3 22.
Bxe3 Ne4 23. Qd1 Bxe3 24. fxe3 {0-1 (33) Kevlishvili,R (2451)-Firouzja,A (2669)
Reykjavik 2019}) 17... d5 $1 $15 18. Rc1 Rc8 19. Ne5 {[%cal Oe1e4]} c5 {
Strongly threatening ...c4.} (19... Qh4 20. Be3 $11) 20. dxc5 Nxc5 (20... Bxc5
$17 21. Rxe4 dxe4 22. Qxd8 Rfxd8 23. Nxf7 Bxf2+ $1 24. Kxf2 Nd3+ 25. Ke3 Nxc1)
21. Rc3 {[%cal Of4h6]} Qh4 {Prevents Bh6.} (21... Rc7 $15 {keeps the upper
hand.}) 22. Bg3 $16 {White is more active. A strong pair of Bishops.} Qg5 23.
h4 Qd8 24. Qg4 Nxb3 $2 {[#]} (24... f6 $1 $11) 25. Nxf7 $1 $18 {[%mdl 512]} h5
{[#]} (25... Rxf7 26. Rxc8 Qf8 27. Rxf8+ Rxf8 28. Re7 Bd4 29. Qe6+ Kh8 30. Re8)
26. Qh3 $2 {[#] Chess con chili.} ({Much less strong is} 26. Nxd8 hxg4 27. Rxc8
Nd3) ({Worse is} 26. Qxb4 Rxc3 $1 27. Nxd8 Rxg3 $11) ({White should play} 26.
Rxc8 $1 $18 hxg4 27. Rxd8 (27. Nxd8 Nxa5 28. Re7 Bd4 $18) 27... Rxd8 28. Nxd8)
26... Rxc3 $1 {[%mdl 8192]} 27. Nxd8 {White threatens Qe6+ and mate.} Bxf2+ 28.
Kh1 $1 {And now Qe6+ would win.} Rxg3 29. Qe6+ $40 {[%mdl 128] White has
strong attack.} Kh8 $2 {[#]} (29... Kh7 30. Re5 Be3 $1) 30. Re5 $1 {[%cal
Re5h5]} g6 31. Nf7+ Kg7 32. Ng5 Rxg5 33. Rxg5 Rf6 34. Qe7+ Rf7 35. Qxb4 Nd4 36.
Qd6 Rf6 37. Qe7+ Rf7 38. Qe5+ Rf6 39. Qe7+ Rf7 40. Qd6 (40. Qe8 $142) 40... Rf6
41. Qd7+ {White is clearly winning.} Kh6 42. Qd8 (42. Qe7 $142 Re6 43. Qf8+ Kh7
44. Rxd5 Re1+ 45. Kh2 Bg1+ 46. Kh3 Re3+ 47. g3) 42... Kg7 43. Rxd5 {Qe7+ would
kill now.} Bxh4 44. Qd7+ (44. Rd7+ $142 Kh6 45. Qh8+ Kg5 46. Rxd4) 44... Rf7
45. Rxd4 {[%cal Od7f7] Hoping for Qxf7+!} Rxd7 46. Rxd7+ Kh6 47. Rd6 {Weighted
Error Value: White=0.64/Black=0.48} 1-0

[Event "Airthings Masters MCCT Prel 2022"]
[Site "Online"]
[Date "2022.02.13"]
[Round "2.3"]
[White "Ding, Liren"]
[Black "Niemann, Hans Moke"]
[Result "1/2-1/2"]
[WhiteElo "2799"]
[BlackElo "2642"]
[Annotator "TA"]
[PlyCount "148"]
[EventDate "2022.02.18"]
[EventType "tourn"]
[EventCountry "NET"]
[SourceTitle "playchess.com"]
[Source "ChessBase"]
[SourceQuality "1"]

{[%evp 9,148,6,9,-12,0,0,0,0,0,0,16,0,52,25,43,23,65,31,35,36,24,23,30,26,33,
32,35,20,12,4,88,0,0,0,0,0,16,18,15,23,19,20,17,18,13,15,16,16,16,0,0,0,0,0,0,
0,0,0,0,0,0,0,0,0,0,0,0,0,0,0,0,0,0,0,0,0,0,0,0,0,0,0,0,0,0,0,0,0,0,0,0,0,0,0,
0,0,0,0,0,0,0,0,0,0,0,0,0,0,0,0,0,0,0,0,0,0,0,-28000,-28000,-28000,-28000,
-28000,-28000,-28000,-28000,-28000,-28000,-28000,-28000,-28000,-28000,-28000,
-28000,-28000,-28000,-28000,-28000,-28000,-28000,-28000,-28000]} 1. c4 e5 2.
Nc3 Nf6 3. Nf3 Nc6 4. e4 Bb4 5. d3 {[%cal Bd2d3,Bd3d4][%mdl 32]} d6 6. h3 {
A28: English Opening: Four Knights Variation.} a6 {6...a5 is a critical line.}
7. Be2 h6 8. O-O {The position is equal.} O-O 9. Be3 Bc5 10. d4 {[#]} Ba7 $146
(10... exd4 $11 11. Nxd4 Qe8) ({Predecessor:} 10... exd4 11. Nxd4 Bxd4 12. Bxd4
Re8 13. Bf3 Nxd4 14. Qxd4 Nh7 15. Be2 Qh4 16. Qd3 Bd7 {1-0 (72) Osmak,I (2419)
-Zawadzka,J (2426) Wroclaw 2021}) 11. Qd3 Re8 12. Rad1 {Hoping for dxe5.} Bd7 (
12... exd4 $11 {feels stronger.} 13. Nxd4 Ne5) 13. Rfe1 Qe7 14. Bf1 exd4 15.
Nxd4 Nxd4 (15... Nxe4 $2 16. Nxc6 Bxc6 17. Bxa7 $18) 16. Bxd4 Bxd4 17. Qxd4 Qe5
18. Qd2 Bc6 {[%cal Rf6e4]} 19. b4 a5 {[#]} (19... Nxe4 $2 20. Nxe4 Bxe4 21. f3
$18) (19... Bxe4 $2 20. f3 $18) (19... b6 $11 {keeps the balance.}) 20. a3 ({
Better is} 20. b5 $1 $16 {[%cal Rb5c6]}) 20... axb4 $11 ({Much less strong is} 
20... Nxe4 21. Nxe4 Bxe4 22. f3 $16) (20... Bxe4 $2 21. f3 $18) 21. axb4 Ra3 (
21... Bxe4 $2 22. f3 $18) (21... Nxe4 $2 22. Nxe4 Bxe4 23. f3 $18) 22. Rc1 {
[%cal Bd1c1,Bc1c3,Bc3f3][%mdl 32]} Rb3 (22... Nxe4 $2 23. Nxe4 Bxe4 24. f3 $18)
(22... Bxe4 $2 23. f3 $18) 23. f4 Qh5 {[%cal Rf6e4]} 24. e5 dxe5 25. b5 Bd7 26.
Qa2 Rxc3 27. Rxc3 {And now g4 would win.} exf4 28. Rxe8+ Bxe8 29. Rf3 Qe5 30.
Qd2 g5 31. Qd8 Qc5+ 32. Kh2 Kg7 33. Rd3 Qf2 34. Rf3 Qc5 35. Rd3 b6 36. Qd4 Qxd4
37. Rxd4 {[%mdl 4096] Endgame KRB-KBN} Bd7 38. Be2 Kf8 39. g3 fxg3+ 40. Kxg3
Ke7 41. Bg4 Be6 42. Bxe6 Kxe6 {KR-KN} 43. Kf3 Ne8 44. Re4+ Kd7 45. Rd4+ Ke6 46.
Re4+ Kd7 47. Rd4+ Nd6 48. Kg4 Ke6 49. Kh5 f6 50. Rd1 Nxc4 51. Rc1 Nd6 52. Rxc7
Nxb5 53. Rc6+ Kf5 54. Rxb6 Nc3 55. Kxh6 Ne4 56. Rb5+ Kf4 57. Kg6 Nf2 58. Rb3
Ne4 59. Ra3 f5 60. Ra5 Ng3 61. Ra4+ Ne4 62. Rb4 Kg3 63. Kxf5 $2 {[%mdl 8192] 
[#]} (63. Rb1 $11) 63... Nf2 {Mate.} 64. Rb3+ Kh4 65. Rb4+ Kxh3 66. Kxg5 Kg3
67. Rb3+ Kg2 68. Kf4 Nh3+ 69. Ke3 Kg3 70. Rb8 Kg4 71. Rb4+ Kf5 72. Rb5+ Kf6 73.
Rc5 Ng5 74. Rxg5 Kxg5 {[%mdl 32768] Weighted Error Value: White=0.06 (flawless)
/Black=0.08 (flawless) . An unexpected result.} 1/2-1/2

[Event "Airthings Masters MCCT Prel 2022"]
[Site "Online"]
[Date "2022.02.13"]
[Round "2.4"]
[White "Duda, Jan-Krzysztof"]
[Black "Keymer, Vincent"]
[Result "0-1"]
[WhiteElo "2760"]
[BlackElo "2664"]
[Annotator "TA"]
[PlyCount "72"]
[EventDate "2022.02.18"]
[EventType "tourn"]
[EventCountry "NET"]
[SourceTitle "playchess.com"]
[Source "ChessBase"]
[SourceQuality "1"]

{[%evp 9,72,4,8,-7,5,0,19,15,17,8,14,0,3,0,15,0,2,-6,0,-16,-3,-49,0,-27,-18,
-107,-94,-91,-103,-82,-85,-122,-121,-122,-108,-122,-122,-133,-129,-136,-134,
-135,-94,-95,-101,-318,-316,-460,-464,-441,-425,-510,-518,-485,-497,-631,-642,
-1275,-1258,-1272,-1256,-29991,-1933,-1608,-1390]} 1. Nf3 d5 2. g3 Bg4 3. Bg2
c6 4. c4 e6 5. Qb3 Qb6 6. Qc2 {A11: English Opening: 1...c6.} Nd7 7. b3 a5 8.
Nc3 {The position is equal.} Ngf6 9. O-O Be7 {[#]} 10. Bb2 $146 ({Predecessor:
} 10. d3 O-O 11. h3 Bxf3 12. Bxf3 d4 13. Na4 Qa7 14. e3 e5 15. Bg2 Rac8 16.
exd4 exd4 {½-½ (43) Eljanov,P (2703)-Rublevsky,S (2688) Loo 2013}) 10... O-O
11. d3 Rfd8 12. h3 Bh5 13. g4 Bg6 14. Nh4 Nf8 15. Rad1 (15. e3 $11 {might be
stronger.}) 15... h5 (15... d4 $5 {[%cal Rd4c3]} 16. Na4 Qc7 $11) 16. Na4 Qa7
17. Bf3 (17. g5 $11 N6d7 18. Qc3 (18. Nxg6 Nxg6 19. e3 Bxg5 $11)) 17... hxg4
$17 18. hxg4 b5 19. Nc3 bxc4 {And now ...d4 would win.} 20. bxc4 Bh7 {[%cal
Of6g4]} 21. cxd5 cxd5 22. g5 {Black must now prevent Nb5.} Ne8 23. Qd2 a4 24.
Ba1 Qa5 $1 25. Qf4 Rac8 (25... f6 $142 26. g6 Nxg6 27. Nxg6 Bxg6) 26. Bh5 Nd6
27. Qd4 {White does not recover from this.} (27. Qxa4 $17 {might work better.}
Qxa4 28. Nxa4) 27... Bxg5 $19 {[%cal Be7g5,Bg5f4,Bf4c1][%mdl 32] Hoping for ...
Bf6.} 28. Ne4 {[#]} ({But not} 28. Nxd5 Ne8 29. Bf3 exd5 $19) (28. Nb5 {
was worth a try.} Bf6 29. Qg4) 28... e5 $1 29. Qxe5 {[%csl Ga1][%cal Re5g7] [#]
} f6 $1 30. Qxd6 (30. Nxf6+ Bxf6) 30... Rxd6 31. Nxd6 Rc7 32. Nf3 Bf4 33. Ne8
d4 34. Nxc7 Qxh5 35. Rc1 Qg6+ (35... Qg4+ $142 36. Kh1 {[#]} Bxd3 $1 {[%mdl
512]} 37. Rc3 dxc3 38. Ne6 Nxe6 39. Rb1 c2 $1 40. Re1 Bxe2 $1 {[%mdl 512]} 41.
Ng1 Qh5+ 42. Nh3 Qxh3+ 43. Kg1 Qh2#) 36. Kh1 Bxc1 {Weighted Error Value:
White=0.68/Black=0.24 (precise)} 0-1

[Event "Airthings Masters MCCT Prel 2022"]
[Site "Online"]
[Date "2022.02.13"]
[Round "2.5"]
[White "Aronian, Levon"]
[Black "Kosteniuk, Alexandra"]
[Result "1-0"]
[WhiteElo "2772"]
[BlackElo "2516"]
[Annotator "TA"]
[PlyCount "75"]
[EventDate "2022.02.18"]
[EventType "tourn"]
[EventCountry "NET"]
[SourceTitle "playchess.com"]
[Source "ChessBase"]
[SourceQuality "1"]

{[%evp 13,75,19,22,4,24,0,6,19,6,0,0,0,0,3,27,-12,0,0,25,18,28,12,30,12,30,22,
19,19,74,85,106,66,163,158,165,108,152,160,152,157,234,214,236,133,281,183,177,
181,311,310,302,302,437,436,1713,1666,8534,6701,29981,29982,29982,29982,29994,
29995]} 1. e4 c6 2. d4 d5 3. exd5 cxd5 4. Bd3 Nc6 5. c3 Nf6 6. h3 Qc7 7. Nf3 g6
8. O-O {B13: Caro-Kann: Exchange Variation and Panov-Botvinnik Attack.} Bf5 9.
Bb5 Bg7 10. Re1 {The position is equal.} O-O 11. Nbd2 a6 12. Bxc6 bxc6 13. Nb3
{[#]} Rfe8 $146 ({Predecessor:} 13... Ne4 14. Nfd2 e5 15. Nxe4 dxe4 16. Be3
Rfd8 17. Qe2 a5 18. Rad1 a4 19. Nc5 h5 20. dxe5 Bxe5 {0-1 (50) Ismayil,M (1997)
-Mitrabha,G (2467) Chess.com INT 2021}) 14. Be3 Ne4 15. Nfd2 e5 16. Nxe4 dxe4
17. Qe2 a5 18. Rad1 exd4 19. Bxd4 Bf8 20. Nc5 Bxc5 (20... Qf4 $11 {keeps the
balance.}) 21. Bxc5 $16 Qf4 22. Qc4 Rad8 (22... Be6 $14 23. Qxe4 (23. Rxe4 Bxc4
24. Rxf4 Bxa2 $14) 23... Qxe4 24. Rxe4 Bxa2 25. Rxe8+ Rxe8) 23. Be3 $18 Qc7 24.
Rd4 (24. Rxd8 $1 $18 Rxd8 25. g4) 24... Be6 {[#]} ({Black should try} 24...
Rxd4 25. Qxd4 (25. Bxd4 Rb8 $14) 25... Rd8) 25. Rxd8 $1 $16 Rxd8 26. Qxe4 $40 {
[%mdl 128] White has strong attack.} Bxa2 (26... Re8 $16 {was worth a try.} 27.
Bh6 f6) 27. Bd4 {[%cal Oe4e8] Qe8+! would kill now.} Rf8 {Inhibits Qe8.} 28.
Bc5 {To avoid Qd6} (28. Qh4 $1 $18 {[%cal Rh4f6] Threatening mate with Qf6.}
Qd6 29. Re7 (29. Qh6 f6 $16)) 28... Rb8 {Black cannot hold the game after this.
} (28... Rc8 $16 {was necessary.} 29. Qf3 Qd7) 29. Qh4 Qd8 {To avoid Qf6} 30.
Qh6 Be6 (30... f6 $142 31. Be7 (31. Re7 Bf7 $16) 31... Qe8) 31. Bd4 $18 {
[%csl Gd4][%cal Rh6g7]} Qf8 {[#] Prevents Qg7+.} 32. Qf4 {Intending Qf6 and
mate.} h6 {[#]} (32... h5 {might work better.} 33. Bc5 Qe8) 33. Bc5 $1 {
[%cal Bd4c5,Bc5e7,Be7f6][%mdl 32]} Qd8 (33... Qxc5 $142 34. Qxb8+ Qf8 35. Qxf8+
Kxf8) 34. Qxh6 {Threatens to win with Bd4.} Bf5 35. g4 Bc2 36. Be7 {White
mates.} Qe8 37. Re3 Qd7 38. Bf6 {Weighted Error Value: White=0.14 (very
precise) /Black=0.57} 1-0

[Event "Airthings Masters MCCT Prel 2022"]
[Site "Online"]
[Date "2022.02.13"]
[Round "2.6"]
[White "Mamedyarov, Shakhriyar"]
[Black "Nepomniachtchi, Ian"]
[Result "0-1"]
[WhiteElo "2767"]
[BlackElo "2773"]
[Annotator "TA"]
[PlyCount "158"]
[EventDate "2022.02.18"]
[EventType "tourn"]
[EventCountry "NET"]
[SourceTitle "playchess.com"]
[Source "ChessBase"]
[SourceQuality "1"]

{[%evp 11,158,29,40,31,35,-15,20,34,28,24,30,28,42,27,23,27,16,4,18,18,20,22,
26,23,36,30,30,29,27,0,0,0,0,0,0,0,0,0,0,-4,0,0,0,-25,0,0,0,0,0,0,0,0,0,0,0,0,
0,0,0,0,0,0,0,0,0,-8,0,0,0,0,0,0,0,0,0,0,0,0,0,-14,-30,-44,0,0,0,0,0,0,0,0,0,0,
0,0,0,0,0,0,0,0,0,0,0,0,0,0,0,0,0,0,0,0,0,0,0,0,0,0,0,0,0,0,0,0,0,0,0,0,0,0,0,
-2233,-2046,-1610,-1610,-1571,-1563,-1556,-92,-29977,-29978,-29978,-29979,
-29979,-29980,-29979,-29980,-29982,-29983]} 1. d4 Nf6 2. c4 e6 3. Nf3 d5 4. Nc3
c5 5. cxd5 cxd4 6. Qxd4 exd5 7. e4 {D41: Queen's Gambit Declined:
Semi-Tarrasch with 5 cxd5.} dxe4 {seems to push 7...Nc6 aside.} 8. Qxd8+ Kxd8
9. Ng5 {[%csl LRe4,LRf7] The position is equal.} Be6 10. Nxe6+ fxe6 11. Bg5 Nc6
12. O-O-O+ Ke8 13. Bb5 Rc8 14. Kb1 Bb4 15. Bxf6 gxf6 16. Nxe4 {[#]} Ke7 $1 $146
{[%mdl 8] A top novelty.} ({Predecessor:} 16... f5 17. Ng5 Ke7 18. a3 Ba5 19.
f4 h6 20. Nf3 Rhd8 21. Rxd8 Nxd8 22. Rd1 Rc7 {1-0 (66) Carlsen,M (2847)-Vidit,
S (2726) chess24.com INT 2021}) 17. a3 {Bxc6 is the strong threat.} f5 18. axb4
fxe4 19. Rhe1 Rhf8 20. Rd2 Rcd8 $1 21. Rxd8 Nxd8 $11 {[%mdl 4096] Endgame
KRB-KRN} 22. Re2 Nf7 23. Ba4 Nd6 24. Bc2 h6 25. Kc1 Rf5 26. Kd2 Kf6 27. b3 b6
28. Ke1 Rb5 29. Bxe4 Rxb4 30. Bc2 Nb5 31. Re3 Nd4 32. Bd1 a5 33. Kd2 Nf5 34.
Rh3 Rd4+ 35. Kc1 Kg7 36. Rc3 Rh4 37. h3 Rf4 38. Rf3 Rb4 39. Bc2 Nd4 40. Rg3+
Kf7 {aiming for ...Ne2+.} 41. Bd1 {To avoid Ne2+} Kf6 42. Kd2 e5 43. Rc3 e4 44.
h4 Ke5 45. g4 Kf4 46. Rg3 a4 (46... Ne6 $15) 47. bxa4 Rb2+ 48. Ke1 Nf3+ 49.
Bxf3 exf3 {KR-KR} 50. g5 Rb1+ 51. Kd2 {Threatens to win with g6.} hxg5 52. Rxg5
Rf1 53. Rg6 Rxf2+ 54. Ke1 Ra2 55. h5 Rxa4 56. h6 Ra1+ 57. Kf2 Ra2+ 58. Kf1 b5 (
58... Rh2 $5 {[%cal Rb6b5]}) 59. Kg1 Ra1+ 60. Kf2 Rh1 61. Rb6 Rh2+ 62. Kg1 Rh5
63. Kf2 Ke4 {White must now prevent ...Rh2+.} 64. h7 Rh2+ 65. Kg1 f2+ 66. Kf1 (
{But not} 66. Kxh2 f1=Q 67. h8=Q Qf2+ 68. Kh3 Qxb6 69. Qa8+ Ke5 70. Qh8+ Ke4
71. Qa8+ Kd4 72. Qa1+ Kd5 73. Qh1+ Kd6 $17) 66... Ke3 {( -> ...Rh1+)} 67. Re6+
Kd3 68. Re7 b4 {[%cal Bb5b4,Bb4b3,Bb3b2][%mdl 32]} 69. Rd7+ Kc2 70. Rc7+ Kb2 {
Strongly threatening ...b3.} 71. Rb7 $2 {[%mdl 8192]} (71. Ke2 $11 b3 72. Rb7)
71... b3 $1 $19 (71... Kc3 72. Rc7+ Kd4 73. Rb7 $17) 72. Ke2 {[#]} Kc2 $1 73.
Rc7+ {[#]} Kb1 $1 74. Rb7 b2 75. Kf1 $2 {[%mdl 8192] This move loses the game
for White.} (75. Rc7 $17 Rh6 76. Kxf2) 75... Kc2 {Black mates.} 76. Rc7+ Kd3
77. Rd7+ Kc4 78. Rc7+ Kd5 79. Rb7 {[#]} Rxh7 $3 {[%mdl 512] Weighted Error
Value: White=0.02 (flawless) /Black=0.02 (flawless)} 0-1

[Event "Airthings Masters MCCT Prel 2022"]
[Site "Online"]
[Date "2022.02.13"]
[Round "2.7"]
[White "Giri, Anish"]
[Black "Esipenko, Andrey"]
[Result "1/2-1/2"]
[WhiteElo "2772"]
[BlackElo "2714"]
[Annotator "TA"]
[PlyCount "116"]
[EventDate "2022.02.18"]
[EventType "tourn"]
[EventCountry "NET"]
[SourceTitle "playchess.com"]
[Source "ChessBase"]
[SourceQuality "1"]

{[%evp 13,116,13,17,0,11,-5,29,0,18,0,10,0,0,0,0,0,0,0,18,8,9,9,10,0,25,24,27,
27,28,20,25,18,17,17,22,8,0,5,11,0,16,-3,14,8,12,0,37,37,37,15,50,7,7,7,7,7,7,
7,7,6,6,6,6,6,6,0,6,0,0,0,0,0,0,0,0,0,0,0,0,0,0,0,0,0,0,0,0,0,0,0,0,0,0,0,0,0,
0,0,0,0,0,0,0,0,0]} 1. e4 e5 2. Nf3 Nc6 3. Bb5 a6 4. Ba4 Nf6 {[%cal Bg8f6,
Bf6d7,Bd7c5][%mdl 32]} 5. O-O Be7 6. Bxc6 dxc6 7. d3 Nd7 8. Nc3 {C85: Closed
Ruy Lopez: Deferred Exchange Variation.} O-O 9. Be3 f6 10. h3 {[#] White has
an edge.} (10. Nh4 {seems wilder.} g6 11. Qg4 Nc5 12. Qg3 Ne6 13. Nf5) 10...
Bd6 $146 ({Predecessor:} 10... Qe8 11. Nh4 Nc5 12. g4 Ne6 13. Nf5 Nd8 14. Kh2
b6 15. Qf3 Nf7 16. Nxe7+ Qxe7 {1-0 (26) Slavin,P (1285)-De Booij,M (1120) IECC
email 2015}) 11. Ne2 Nc5 12. Nd2 Ne6 13. Nc4 Be7 14. a4 a5 15. Qe1 Bb4 16. Bd2
Bxd2 17. Qxd2 b6 18. b3 Nd4 (18... Ba6 {keeps more tension.} 19. Ne3 Qd6 20.
Nf5 Qc5 21. Rae1 g6) 19. Nxd4 Qxd4 20. Ne3 Be6 21. Kh1 Rfd8 {[%cal Od4e4]} 22.
Rfd1 Qb4 23. Qe2 Qc3 24. Qe1 (24. g3 {is interesting.} Rf8 25. Rab1 Rad8 26. h4
Rd4 27. Ra1) 24... Qxe1+ 25. Rxe1 Rd4 26. Nd1 Kf8 27. Nc3 {[%cal Of2f4]} Ke7
28. Ne2 Rdd8 29. f4 exf4 30. Nxf4 Bf7 31. Kg1 h5 32. Kf2 (32. Re3 $14) 32... h4
$11 {The position is equal.} 33. Ke3 c5 34. Rf1 Rh8 35. Rf2 Rae8 36. Kd2 Kd6
37. Ne2 Re5 38. Nc3 Be6 39. Nd1 f5 40. exf5 Rxf5 41. Rxf5 Bxf5 {[%mdl 4096]
Endgame KRB-KRN} 42. Ne3 Be6 43. Rf1 Ke5 44. Nc4+ Bxc4 45. bxc4 {KR-KR} Rh6 46.
Re1+ Kf4 {aiming for ...Kg3.} 47. Re4+ Kf5 48. Ke3 g5 49. c3 Re6 50. Rxe6 Kxe6
{KP-KP} 51. Ke4 {[#] Hoping for d4.} Kd6 52. d4 {d5 is the strong threat.} (52.
Kf5 c6 53. Ke4 (53. Kxg5 $2 b5 $19) 53... b5 54. axb5 a4 $19) 52... Ke6 53. Ke3
{Threatens to win with Ke4.} Kf5 54. Kf3 Kf6 55. Ke4 Ke6 56. Ke3 {[#] And now
Ke4 would win.} Kf5 57. Kf3 Kf6 58. Ke4 Ke6 {Weighted Error Value: White=0.05 
(flawless) /Black=0.05 (flawless)} 1/2-1/2